000 00225nam a2200085Ia 4500
245 0 _aItalian for beginners
100 _a Harmel, Kristin London, 2009
_976079
942 _cBK
008 210817s9999 xx 000 0 und d
999 _c303323
_d303321